00966nam a2200181 i 450000100060000000300090000600500170001500700030003200800410003504000200007624501520009626000410024830000280028950503610031765100530067870000310073185200220076254519ES-MaACL20230906162952.0t|960723s1845 fr ||||1| fre d aCAM bspa cCAM00aFragments arabes et persans inédits relatifs a l'Inde b: antérieurement au XIe siècle de l'ère chrétienne / crecueillis par M. Reinaud. aParis : bImprimerie Royale, c1845. aXXXV, 227 p. ; c22 cm.8 aContiene: Préface. - nº. I. Extrait du Modjmel-altevarykii. - nº. II. Extrait du Schah-Nameh [de Ferdoussy]--nº. III. Extrait de l'ouvrage d'Albyrouny sur l'Inde. - nº. IV. Extrait de l'ouvrage d'Albyrouny sur l'Inde. - nº. V. Fragment de Beladori. - Lettre à M. Reinaud ... au sujet des monnaies des rois de Caboul (signed Adrien de Longpérier 4aIndia-xDescripción-vObras anteriores a 1800.1 aReinaud, Joseph Toussaint. aES-MaACLjG-12340